000
00269nam a2200109Ia 4500
001
1276099
005
20260417160440.0
008
260417s9999 xx 000 0 und d
020
_a
9786255929815
245
0
_a
Hikâye Avcısı
_c
Sebahat Meraki
260
_b
Ketebe Genç
999
_c
1276099
_d
1276099